Využitie simulácie ako podporný nastroj pri návrhu montážnej haly v spoločnosti SEW-EURODRIVE SK s.r.o.
Na minha lista:
| Autor principal: | |
|---|---|
| Outros Autores: | |
| Formato: | Manuscrito Livro |
| Idioma: | eslovaco |
| Publicado em: |
2023
|
| Assuntos: | |
| Acesso em linha: | http://is.stuba.sk/zp/portal_zp.pl?podrobnosti=170428 |
| Tags: |
Sem tags, seja o primeiro a adicionar uma tag!
|
MARC
| LEADER | 00000ntm a22000003a 4500 | ||
|---|---|---|---|
| 001 | stuzp93760 | ||
| 003 | SK-STU | ||
| 005 | 20230909215957.7 | ||
| 007 | ta | ||
| 008 | 150427s2015----xo-----f-mn---000-0-slo-d | ||
| 040 | |a STU |b slo | ||
| 041 | 0 | |a slo | |
| 100 | 1 | |a Horváthová, Michaela |u 063000 |4 aut |U MTF Materiálovotechnologická fakulta |T MTF Ústav výrobných technológií |X 96802 |U M3000 |Y 83 |7 96802 | |
| 242 | 0 | 1 | |a The use of simulation as a support tool in the design of an assembly hall at the SEW-EURODRIVE SK s.r.o. company |y eng |
| 245 | 1 | 0 | |a Využitie simulácie ako podporný nastroj pri návrhu montážnej haly v spoločnosti SEW-EURODRIVE SK s.r.o. |
| 260 | |c 2023 | ||
| 650 | 4 | |a Siemens Tecnomatix Plant Simulation |2 slo | |
| 650 | 4 | |a SEW-EURODRIVE |2 slo | |
| 650 | 4 | |a simulácia |2 slo | |
| 650 | 4 | |a montážny proces |2 slo | |
| 650 | 4 | |a layout |2 slo | |
| 650 | 4 | |a rozmiestnenie pracoviska |2 slo | |
| 650 | 4 | |a SEW-EURODRIVE |2 eng | |
| 650 | 4 | |a simulation |2 eng | |
| 650 | 4 | |a assembly process |2 eng | |
| 650 | 4 | |a Siemens Tecnomatix Plant Simulation |2 eng | |
| 650 | 4 | |a layout |2 eng | |
| 650 | 4 | |a workplace layout |2 eng | |
| 700 | 1 | |a Delgado Sobrino, Daynier Rolando |u 063800 |k Z1 |4 ths |U MTF Ústav výrobných technológií |T MTF Katedra výrobných zariadení a systémov |X 45485 |U M3800 |Y 660 |7 A000045485 | |
| 856 | 4 | |u http://is.stuba.sk/zp/portal_zp.pl?podrobnosti=170428 | |
| 996 | |c M* DP-15128 |l MMSKP |s P |a 0 |w stuzp93760_0001 | ||